000 00570nam a2200217Ia 4500
003 OSt
005 20220928141423.0
006 a|||||r|||| 00| 0
007 ta
008 220927b |||||||| |||| 00| 0 eng d
024 _a14775
037 _cTextual
040 _aSDCL
_cSDCL
_beng
041 _2eng
_aeng
082 _aO-(Y15),1M:g, N6
100 _aLeighton Angela
_9499940
245 0 _aVictorian women poets
_b A critical reader.
260 _c1996
942 _hO-(Y15),1M:g, N6
_cTEXL
_2CC
999 _c817184
_d817184